| 000 | 04080cam a2200313 a 4500 | ||
|---|---|---|---|
| 001 | 17805384 | ||
| 005 | 20150504131002.0 | ||
| 008 | 130709s2014 enkab frb 001 0 eng d | ||
| 020 | _a9780415639019 (hardback) | ||
| 020 | _a9780415639026 (pb) | ||
| 020 | _z9781315852454 (ebook) | ||
| 040 |
_aDLC _cDLC _dDLC _dEG-ScBUE |
||
| 082 | 0 | 0 |
_a729 _222 _bPLO |
| 100 | 1 |
_aPlowright, Philip D. _937722 |
|
| 245 | 1 | 0 |
_aRevealing architectural design : _bmethods, frameworks and tools / _cPhilip D. Plowright. |
| 250 | _a1st ed. | ||
| 260 |
_aOxon ; _aNew York : _bRoutledge, _c2014. |
||
| 300 |
_axiv, 338 p. : _bill. (col.) ; _c26 cm. |
||
| 500 | _aIndex : p. 331-338. | ||
| 504 | _aBibliography : p. 316-330. | ||
| 520 | _a" how do you use methods to create unique outcomes in the architectural design process? how do you set up methods that have a high degree of success based on your intentions? how do you develop and apply conceptual tools to assist in the design process?how do you use methods to satisfy the cultural needs of innovation and usability?how do you make an architectural design inherently defensible?All of these questions and more are answered by examining the architectural design process from the point of view of knowledge domains, domain syntax, coherence, framing, thinking styles, decision-making and testing. Using straightforward language, the book connects general design thinking to underlying frameworks that are used in the architectural design process.The book provides historical grounding as well as clear examples of real design outcomes. It includes diagrams and explanations to make that content accessible. The frameworks and their methods are described by what they can accomplish, what biases they introduce and the use of their final outcomes.Revealing Architectural Design will be useful to anyone interested in increasing the quality of their architectural design proposals through understanding the conceptual tools used to achieve that process. While it is intended for undergraduate and graduate students of architectural design, it will also be useful for experienced architectural practitioners. For the non-architect, this book opens a window into the priorities of a discipline seldom presented with such transparency"-- | ||
| 520 | _a"- how do you use methods to create unique outcomes in the architectural design process? - how do you set up methods that have a high degree of success based on your intentions? - how do you develop and apply conceptual tools to assist in the design process? - how do you use methods to satisfy the cultural needs of innovation and usability? - how do you make an architectural design inherently defensible? All of these questions and more are answered by examining the architectural design process from the point of view of knowledge domains, domain syntax, coherence, framing, thinking styles, decision-making and testing. Using straightforward language, the book connects general design thinking to underlying frameworks that are used in the architectural design process. The book provides historical grounding as well as clear examples of real design outcomes. It includes diagrams and explanations to make that content accessible. The frameworks and their methods are described by what they can accomplish, what biases they introduce and the use of their final outcomes. Revealing Architectural Design will be useful to anyone interested in increasing the quality of their architectural design proposals through understanding the conceptual tools used to achieve that process. While it is intended for undergraduate and graduate students of architectural design, it will also be useful for experienced architectural practitioners. For the non-architect, this book opens a window into the priorities of a discipline seldom presented with such transparency"-- | ||
| 650 | 7 |
_aArchitectural design _xMethodology. _2BUEsh _937723 |
|
| 650 | 7 |
_aDesign _xMethodology. _2BUEsh _937724 |
|
| 651 | _2BUEsh | ||
| 653 |
_bENGARC _cApril2015 |
||
| 655 |
_vreading book _934232 |
||
| 942 |
_2ddc _k729 PLO |
||
| 999 |
_c19220 _d19192 |
||